| 000 | 00299 a2200121 4500 | ||
|---|---|---|---|
| 001 | 64402 | ||
| 082 | _a657.3 AMA | ||
| 090 |
_c38031 _d38031 |
||
| 100 | _aAmanullah Khan | ||
| 245 | _aFinancial Accounting: A Managerial Perspective v 42 | ||
| 260 |
_aIslamabad _bAnas Pub _c1999 |
||
| 300 | _a452p | ||
| 942 |
_aNUST-CAE _k657.3 AMA |
||
| 999 |
_c299475 _d299475 |
||